Statistiques concernant Communes de l'arrondissement de Guebwiller

Cliquez ici pour prendre le quiz!

Statistiques générales

  • Ce quiz a été pris 43 fois
  • Le résultat moyen est 18 sur 47

Réponses sur la Carte

Les réponses sont colorées sur une échelle allant du rouge au vert en fonction du pourcentage des utilisateurs qui les ont devinées à leur premier essai. Vous pouvez retrouver ces pourcentages ci-dessous.
 

Statistiques - réponses

Code INSEECommune/Gmeinde% Correct
68112Guebwiller
95%
68315Soultz
76%
68287Rouffach
71%
68058Buhl
67%
68159Jungholtz
62%
68029Bergholtz
57%
68156Issenheim
57%
68177Lautenbach
57%
68250Orschwir
57%
68122Hartmannswiller
52%
68178Lautenbachzell
52%
68188Linthal
52%
68318Soultzmatt
52%
68043Bollwiller
48%
68030Bergholtzzell
43%
68082Ensisheim
38%
68203Merxheim
38%
68205Meyenheim
38%
68255Pfaffenheim
38%
68274Rimbach-près-Guebwiller
38%
68381Wuenheim
38%
68091Fessenheim
33%
68111Gueberschwihr
33%
68229Murbach
33%
68235Niederhergheim
33%
68242Oberhergheim
33%
68251Osenbach
33%
68266Réguisheim
33%
68364Westhalten
33%
68032Berrwiller
29%
68123Hattstatt
29%
68260Raedersheim
29%
68276Rimbachzell
29%
68343Ungersheim
29%
68088Feldkirch
24%
68116Gundolsheim
24%
68225Munchhouse
24%
68228Munwiller
24%
68234Niederentzen
24%
68241Oberentzen
24%
68037Biltzheim
19%
68041Blodelsheim
19%
68140Hirtzfelden
19%
68258Pulversheim
19%
68281Roggenhouse
19%
68291Rumersheim-le-Haut
19%
68290Ruestenhart
14%

Distribution des résultats

Percentile par nombre de réponses

% des personnes avec chaque résultat

Votre développement - résultats

Vous n’avez pas pris ce quiz